<?xml version="1.0" encoding="UTF-8"?>
<marc:record xmlns:marc="http://www.loc.gov/MARC21/slim">
   <marc:leader>00000nam a2200000 a 4500</marc:leader>
   <marc:datafield ind1="1" ind2=" " tag="100">
      <marc:subfield code="a">Kaiser, Maria Regina</marc:subfield>
      <marc:subfield code="4">aut</marc:subfield>
      <marc:subfield code="e">Verfasser/-in</marc:subfield>
   </marc:datafield>
   <marc:datafield ind1=" " ind2=" " tag="653">
      <marc:subfield code="a">kinderbuchautorin</marc:subfield>
   </marc:datafield>
   <marc:datafield ind1=" " ind2=" " tag="653">
      <marc:subfield code="a">astrid lindgren</marc:subfield>
   </marc:datafield>
   <marc:datafield ind1=" " ind2=" " tag="653">
      <marc:subfield code="a">biografie</marc:subfield>
   </marc:datafield>
   <marc:datafield ind1=" " ind2=" " tag="653">
      <marc:subfield code="a">brüder Löwenherz</marc:subfield>
   </marc:datafield>
   <marc:datafield ind1=" " ind2=" " tag="653">
      <marc:subfield code="a">michel aus lönneberga</marc:subfield>
   </marc:datafield>
   <marc:datafield ind1=" " ind2=" " tag="653">
      <marc:subfield code="a">pippi langstrumpf</marc:subfield>
   </marc:datafield>
   <marc:datafield ind1=" " ind2=" " tag="653">
      <marc:subfield code="a">romanbiografie</marc:subfield>
   </marc:datafield>
   <marc:datafield ind1=" " ind2=" " tag="653">
      <marc:subfield code="a">ronja räubertochter</marc:subfield>
   </marc:datafield>
   <marc:datafield ind1=" " ind2=" " tag="653">
      <marc:subfield code="a">schriftstellerin</marc:subfield>
   </marc:datafield>
   <marc:datafield ind1=" " ind2=" " tag="653">
      <marc:subfield code="a">schwedische schriftstellerin</marc:subfield>
   </marc:datafield>
   <marc:datafield ind1=" " ind2=" " tag="653">
      <marc:subfield code="a">560</marc:subfield>
   </marc:datafield>
   <marc:datafield ind1=" " ind2=" " tag="653">
      <marc:subfield code="a">Softcover / Belletristik/Romanhafte Biografien</marc:subfield>
   </marc:datafield>
   <marc:datafield ind1=" " ind2=" " tag="653">
      <marc:subfield code="a">Romanhafte Biographien</marc:subfield>
   </marc:datafield>
   <marc:datafield ind1="0" ind2="0" tag="245">
      <marc:subfield code="a">Astrid Lindgren</marc:subfield>
   </marc:datafield>
   <marc:datafield ind1="0" ind2="0" tag="245">
      <marc:subfield code="b">Romanbiografie</marc:subfield>
   </marc:datafield>
   <marc:datafield ind1="0" ind2="0" tag="245">
      <marc:subfield code="c">Maria Regina Kaiser</marc:subfield>
   </marc:datafield>
   <marc:datafield ind1=" " ind2="1" tag="264">
      <marc:subfield code="a">Konstanz</marc:subfield>
      <marc:subfield code="b">Südverlag</marc:subfield>
      <marc:subfield code="c">2021</marc:subfield>
   </marc:datafield>
   <marc:datafield ind1="1" ind2=" " tag="520">
      <marc:subfield code="a">Angaben aus der Verlagsmeldung

Astrid Lindgren. Helle Nächte, dunkler Wald … : Romanbiografie / von Maria Regina Kaiser

Zeitlebens setzt sie sich für Toleranz und Gerechtigkeit ein, stets macht sie sich stark für die Rechte der Kinder, ihre Geschichten begeistern seit Generationen Groß und Klein, haben unsere Wertvorstellungen nachhaltig beeinflusst: Astrid Lindgren (1907-2002) zählt zu den bekanntesten KinderbuchautorInnen der Welt. So große Erfolge sie als Schriftstellerin feiert, so sehr ist ihr Leben auch von bitteren Erfahrungen geprägt: Nach einer glücklichen Kindheit wird Astrid mit 18 Jahren ungewollt schwanger, verlässt ihr Heimatdorf und zieht nach Stockholm, wo die junge Frau etliche Jahre in existenzieller Not zubringt. Zufällig wendet sie sich dem Schreiben zu, als sie für ihre Tochter die Geschichte von Pippi Langstrumpf erfindet. Pippi, selbstbewusst, stark, voller Ideen, erobert sofort die Herzen ihrer jungen LeserInnen – wie später Michel aus Lönneberga, Ronja Räubertochter oder die Brüder Löwenherz. Mit ihren Büchern, in denen Astrid Lindgren viel Persönliches verarbeitet, gibt sie Kindern Kraft und Trost. Immer wirkt sie auch meinungsbildend, wenn sie eine gewaltfreie Erziehung fordert, Rassismus verurteilt, den Tierschutz hochhält. – In ihrer Romanbiografie zeichnet Maria Regina Kaiser klug wie feinfühlig das facettenreiche Lebensbild dieser beeindruckenden Schwedin nach, deren Gedanken heute bedeutsamer denn je sind.
</marc:subfield>
   </marc:datafield>
   <marc:datafield ind1=" " ind2=" " tag="020">
      <marc:subfield code="a">9783878001362</marc:subfield>
      <marc:subfield code="9">9783878001362</marc:subfield>
   </marc:datafield>
   <marc:datafield ind1=" " ind2=" " tag="020">
      <marc:subfield code="a">3878001363</marc:subfield>
      <marc:subfield code="9">3878001363</marc:subfield>
   </marc:datafield>
   <marc:datafield ind1=" " ind2=" " tag="041">
      <marc:subfield code="a">ger</marc:subfield>
   </marc:datafield>
   <marc:datafield ind1=" " ind2=" " tag="300">
      <marc:subfield code="a">304 Seiten</marc:subfield>
   </marc:datafield>
</marc:record>
